<?xml version="1.0" encoding="UTF-8"?>
<collection xmlns="http://www.loc.gov/MARC21/slim">
 <record>
  <leader>01812nam a2200229Ia 4500</leader>
  <controlfield tag="001">CTU_162936</controlfield>
  <controlfield tag="008">210402s9999    xx            000 0 und d</controlfield>
  <datafield tag="082" ind1=" " ind2=" ">
   <subfield code="a">363.7392</subfield>
  </datafield>
  <datafield tag="082" ind1=" " ind2=" ">
   <subfield code="b">T103</subfield>
  </datafield>
  <datafield tag="088" ind1=" " ind2=" ">
   <subfield code="a">60440301</subfield>
  </datafield>
  <datafield tag="100" ind1=" " ind2=" ">
   <subfield code="a">Lưu, Tấn Tài</subfield>
  </datafield>
  <datafield tag="245" ind1=" " ind2="0">
   <subfield code="a">Khảo sát tương quan giữa lưu lượng xe với nồng độ Benzen, toluen và xylen trong không khí ven đường ở một số đường giao thông chính quận Ninh Kiều, Tp. Cần Thơ :</subfield>
  </datafield>
  <datafield tag="245" ind1=" " ind2="0">
   <subfield code="b">Luận văn Thạc sĩ Khoa học Môi trường. Chuyên ngành: Khoa học Môi trường</subfield>
  </datafield>
  <datafield tag="245" ind1=" " ind2="0">
   <subfield code="c">Lưu Tấn Tài; Nguyễn Văn Công (Hướng dẫn Khoa học)</subfield>
  </datafield>
  <datafield tag="260" ind1=" " ind2=" ">
   <subfield code="a">Cần Thơ</subfield>
  </datafield>
  <datafield tag="260" ind1=" " ind2=" ">
   <subfield code="b">Trường Đại học Cần Thơ</subfield>
  </datafield>
  <datafield tag="260" ind1=" " ind2=" ">
   <subfield code="c">2010</subfield>
  </datafield>
  <datafield tag="520" ind1=" " ind2=" ">
   <subfield code="a">Khảo sát số lượng các loại phương tiện giao thông đường bộ trong phạm vi nghiên cứu. Khảo sát hàm lượng benzen, tolyen và xylen trong xăng ở một số cửa hàng kinh doanh bán lẻ xăng dầu ở khu vực nghiên cứu. Khảo sát nồng độ benzen, toluen và xylen trong không khí ven đường trong khu vực nghiên cứu. Xác định mối tương quan giữa lưu lượng giao thông và nồng độ benzen toluen, xylen trong không khí ven đường. Đánh giá hiện trạng ô nhiễm benzen, toluen và xylen.</subfield>
  </datafield>
  <datafield tag="650" ind1=" " ind2=" ">
   <subfield code="a">Air,Air quality management,Benzene,Không khí,Khí Benzen,Quản lý chất lượng không khí</subfield>
  </datafield>
  <datafield tag="650" ind1=" " ind2=" ">
   <subfield code="x">Pollution,Environmental aspects,Sự ô nhiễm,Khía cạnh môi trường</subfield>
  </datafield>
  <datafield tag="904" ind1=" " ind2=" ">
   <subfield code="i">Năm</subfield>
  </datafield>
  <datafield tag="980" ind1=" " ind2=" ">
   <subfield code="a">Trung tâm Học liệu Trường Đại học Cần Thơ</subfield>
  </datafield>
 </record>
</collection>
